El velero en la botella

-д хадгалсан:
Номзүйн дэлгэрэнгүй
Үндсэн зохиолч: Díaz Gutiérrez, Jorge (Зохиогч)
Формат: Ном
Хэл сонгох:испани
Хэвлэсэн: Santiago Universitaria 1975
Хэвлэл:3a. ed
Цуврал:Teatro
Нөхцлүүд:
Шошгууд: Шошго нэмэх
Шошго байхгүй, Энэхүү баримтыг шошголох эхний хүн болох!

MARC

LEADER 00000nam a2200000 a 4500
001 UCH7150
003 CL-VaPUC
008 091109e19750000CL |||||||||||||||||spa|d
082 0 4 |a Ch862  |b DIA  |2 21 
100 0 |a Díaz Gutiérrez, Jorge  |e author  |9 420806 
245 1 3 |a El velero en la botella 
246 1 3 |a El cepillo de dientes o náufragos en el parque de entretenciones 
250 |a 3a. ed 
300 |a 125 p 
942 |c BK 
945 |d 20091109 00:00:00  |a lazolas 
260 |a Santiago  |b Universitaria  |c 1975 
650 0 |a Dramas chilenos  |9 313819 
650 0 |a Literatura chilena   |9 308278 
583 |a last modification  |c 20091109 00:00:00  |k Rodrigo Vera 
490 0 |a Teatro 
999 |c 337842  |d 337840